000 01484nam a2200385 i 4500
001 197036
003 ES-MaACL
005 20250825062748.0
008 250317s2005 sp | ||| ||spa
016 7 _abimoBNE20050505257
_2SpMaBN
017 _aB 24036-2005
_bOficina Depósito Legal Barcelona
020 _a8401305330
035 _a(OCoLC)433606728
035 _a(SpMaBN)bimo0002044297
040 _aSpMaBN
_bspa
_cSpMaBN
_erdc
080 _a929 Bardem, Pilar
100 1 _aBardem, Pilar,
_d1939-2021
_9239848
_eaut
245 1 3 _aLa Bardem :
_bmis memorias /
_cPilar Bardem con la colaboración de Carlos Bardem.
250 _aSegunda edición: mayo 2005
260 _a[Barcelona] :
_bPlaza & Janés,
_c2005.
300 _a635 páginas, [36] páginas de láminas ;
_c24 cm.
336 _2rdacontent
_atexto
337 _2rdamedia
_asin mediación
338 _2rdacarrier
_avolumen
500 _aÍndice
600 1 7 _aBardem, Pilar
_d1939-2021
_2embne
_9239848
655 0 _aBiografías
_9176647
700 1 _aBardem, Carlos,
_d1963-
_9239460
_eaut
852 _aES-MaACL
_cDEPOJ
_jN-10437
_hDonación: José Lázaro García
_xEncuadernación cartoné con sobrecubiertas
_9206561
_gLázaro 2005
903 _9234219
_aLázaro García, José
_ednr
942 _cMONOGRAFIA
_n0
999 _c197036
_d197036